000 00293nam a22001097a 4500
008 160520b xxu||||| |||| 00| 0 eng d
020 _a9781885693747
041 _aeng
080 _a316.77
245 _aMedia relations in sport:
_cAllan Hall; William Nichols; Patrick Moynahan;
942 _2udc
_cBK
999 _c2312
_d2312